000
00226nam a2200097Ia 4500
005
20251222114408.0
008
251222s1900||||xx |||||||||||||| ||spa||
082
_a
DVD0124/P59T/2005
245
0
_a
Pink floyd the wall:
942
_c
DVD
999
_c
1923
_d
1923